000 00754nam a22002417a 4500
003 PE SENCICO BE
005 20251020182621.0
008 221207b |||||||| |||| 00| 0 eng d
020 _a978-612-304-241-7
040 _aPE SENCICO BE
_cPE SENCICO BE
041 _aspa
082 _a696.1802
_bC29
_c2014
100 1 _9206
_aCastillo Anselmi, Luis
245 1 _aInstalaciones sanitarias de edificaciones :
_bdiseño /
_cLuis Castillo Anselmi
250 _a2a ed.
260 _aLima:
_bMacro,
_c2014
300 _a135 p.:
_bdiagrs.,
_c25 cm.
650 1 0 _aInstalaciones sanitarias
_9103
650 2 0 _aPlomería
_9207
650 2 0 _aIngeniería sanitaria
_9104
910 _bhfp
_chfp
942 _2ddc
_cLIB
_e2014
_h696.1802
_iC29
999 _c3670
_d3670